000 00616nam a2200181 i 4500
001 133894
003 ES-MaACL
005 20230906194545.0
007 t|
008 070903s1971 sp ||||1| spa d
100 1 _aWalters, F. P.
_9116012
245 1 0 _aHistoria de la Sociedad de Naciones /
_cF. P. Walters ; [traducción por Federico Fernández del Castillo ; revisión e índices... Manuel Medina].
260 _aMadrid :
_bTecnos,
_c[1971]
300 _a797 p. ;
_c23 cm.
700 1 _aFernández del Castillo, Federico.
_949730
700 1 _aMedina, Manuel.
_979704
852 _aES-MaACL
_jC-37912
_bR.76716
999 _c133894
_d133894